000 00693nam a2200205Ii 4500
003 JO-AjNU
008 230605s9999||||xx |||||||||||||| ||und||
017 _a2009/10/4487
040 _aJO-AjNU
_bara
_erda
_cJO-AjNU
041 _aara
050 1 4 _aPJ7692.M55 2009
100 3 _aتأليف ميتشل،مارغريت,
_eauthor
_923058
245 0 0 _aذهب مع الريح، الجزء الأول
264 3 1 _aعمان:وزارة الثقافة،2009
300 _aج1، 207ص
336 _atext
_btxt
_2rdacontent
337 _aunmediated
_bn
_2rdamedia
338 _avolume
_bnc
_2rdacarrier
650 4 _a القصص الإنجليزية - روائع القصص العالمية
_923059
999 _aA8283
_c11851
_d11851